zpět

Detail výsledku týmu

Srdcovka Litvínov, Litvínov

Datum a čas kvízu

25.5 Celkem bodů Celkový počet nahraných bodů na tomto kvízu bez doplňovacích otázek.
6. Pořadí na kvízu Konečné umístění týmu na tomto kvízu.

Zaznamenané odpovědi

# Otázka Odpověď Body Výsledky
1. O konfliktu prezidenta Pavla s... D 1
2. Parašutista Nicolas Scarabrin... oko jehly 0
3. Lístek na premiéru tohoto film... Melania 1
4. Minulý týden se v českých médi... mobilní telefony 0
5. Hokejový útočník Ondřej Palát... New York Islanders 1
6. Na obrázku níže můžete vidět d... Drákula a Frankenstein 0.5
7. Co by to bylo za hororové téma... C 0
8. Ze které (převážně videoherní)... Silent Hill 0
9. Přiřaďte herce a herečky k jej... 1A 2B 3D 4C 1
10. Čím je inspirován česko-americ... D 0